Rites et rituels contemporains (Record n. 89528)
[ formato base ]
| 000 -LEADER | |
|---|---|
| fixed length control field | 01525nam a2200325Ia 4500 |
| 001 - CONTROL NUMBER | |
| control field | G1954 |
| 003 - CONTROL NUMBER IDENTIFIER | |
| control field | IT-RoPAU |
| 008 - FIXED-LENGTH DATA ELEMENTS--GENERAL INFORMATION | |
| fixed length control field | 130308s9999 xx 000 0 und d |
| 040 ## - CATALOGING SOURCE | |
| Original cataloging agency | IT-RoPAU |
| 040 ## - CATALOGING SOURCE | |
| Transcribing agency | IT-RoPAU |
| 041 ## - LANGUAGE CODE | |
| Language code of text/sound track or separate title | FRANCESE |
| 100 ## - MAIN ENTRY--PERSONAL NAME | |
| Personal name | Segalen Martine |
| 100 ## - MAIN ENTRY--PERSONAL NAME | |
| Miscellaneous information | Codice Aut. SPICS: 54008 |
| 242 ## - TRANSLATION OF TITLE BY CATALOGING AGENCY | |
| Title | RITI E rituali CONTEMPORANEI |
| 242 ## - TRANSLATION OF TITLE BY CATALOGING AGENCY | |
| Number of part/section of a work | Cod. Traduzione Titolo: H7530 |
| 242 ## - TRANSLATION OF TITLE BY CATALOGING AGENCY | |
| Language code of translated title | ITA |
| 245 ## - TITLE STATEMENT | |
| Title | Rites et rituels contemporains |
| 245 ## - TITLE STATEMENT | |
| Remainder of title | Rites et rituels Contemporains |
| 250 ## - EDITION STATEMENT | |
| Edition statement | 1a ed. |
| 260 ## - PUBLICATION, DISTRIBUTION, ETC. (IMPRINT) | |
| Place of publication, distribution, etc. | PARIS |
| 260 ## - PUBLICATION, DISTRIBUTION, ETC. (IMPRINT) | |
| Name of publisher, distributor, etc. | Nathan |
| 260 ## - PUBLICATION, DISTRIBUTION, ETC. (IMPRINT) | |
| Date of publication, distribution, etc. | 1998 [1° Ed.:1998 - Ed.Ling.Originale:1998] |
| 300 ## - PHYSICAL DESCRIPTION | |
| Extent | "128 p. (prefazione: no ; testo: 128 [pagine: 0-0])" |
| 500 ## - GENERAL NOTE | |
| General note | Riti e rituali Contemporanei. Rito, Sacro e Simbolo: Emile Durkheim: rito è Sacro, Sacro sacrificio ed Efficacia del rituale in Marcel Mauss e Mary Douglas. riti di Passaggio: Opera di Arnold Van Gennep. Uomini, sport e Riti: Uomini e Animali, Football e Suoi Supporti, corsa a piedi con I Suoi riti e Simboli, Attività Inclassificabili Alle Funzioni Rituali. secolare e Singolare: Funzione Comunicativa del Rito, festa Spettacolo e Politica, impresa e Riti, comportamenti rituali o Etichette di Civilta'? Plasticità, Polisemia e cambiamenti Sociali: Esempio del Matrimonio, matrimonio Fra Tradizione e Cambiamento, sposarsi nell'Anno 2000. Bibliografia. |
| 650 ## - SUBJECT ADDED ENTRY--TOPICAL TERM | |
| Topical term or geographic name as entry element | SOCIOLOGIA DELLA COMUNICAZIONE SOCIALE |
| 650 ## - SUBJECT ADDED ENTRY--TOPICAL TERM | |
| Relator term | Codice materia Spics: 3806 |
| 942 ## - ADDED ENTRY ELEMENTS (KOHA) | |
| Koha item type | LIBRO |
| 957 ## - | |
| -- | 1 |
| 999 ## - SYSTEM CONTROL NUMBERS (KOHA) | |
| -- | 1 |
| Withdrawn status | Lost status | Damaged status | Not for loan | Home library | Current library | Date acquired | Total Checkouts | Full call number | Date last seen | Price effective from | Koha item type | Public note |
|---|---|---|---|---|---|---|---|---|---|---|---|---|
| Buone Condizioni | Not For Loan | SPICS-MEDIATECA | SPICS-MEDIATECA | 08/03/2013 | G1954 | 08/03/2013 | 08/03/2013 | LIBRO | Progressivo inserimento: 14836 / N. Volumi: 1 Copie: 1 / data import: 1 marzo 2013 - By Epidotti, Trombetti, Vaglietti. |